[Event "Nakhchivan Open"]
[Site "Nakhchivan AZE"]
[Date "2011.04.25"]
[Round "3.6"]
[White "Gagunashvili,M"]
[Black "Korobov,A"]
[Result "0-1"]
[WhiteElo "2599"]
[BlackElo "2647"]

1.d4 d5 2.c4 c6 3.Nf3 Nf6 4.Nc3 e6 5.e3 Nbd7 6.Qc2 Bd6 7.b3 O-O 8.Be2 b6
9.O-O Bb7 10.Bb2 Re8 11.Rfd1 Qe7 12.Rac1 Rad8 13.h3 c5 14.cxd5 exd5 15.Bb5 a6
16.Bd3 Ne4 17.Bf1 Ndf6 18.Na4 Rc8 19.Qe2 Qd8 20.Nc3 Bb8 21.Nxe4 Nxe4 22.g3 c4
23.Qe1 b5 24.Nd2 Nf6 25.Bg2 Qe7 26.Rc2 Bd6 27.Rb1 Bc6 28.a4 Bb4 29.axb5 axb5
30.Qe2 Bd7 31.bxc4 Bf5 32.e4 Bxd2 33.Qxd2 Nxe4 34.Qf4 Nxg3 35.Qxg3 Bxc2 36.Ba3 Qf6
37.Rxb5 dxc4 38.d5 c3 39.d6 Ba4 40.Rb4 Bd7 41.Rb7 Qf5  0-1

[Event "ch-RUS Rapid Women"]
[Site "Olginka RUS"]
[Date "2011.04.25"]
[Round "1"]
[White "Shaidullina,S"]
[Black "Romanko,M"]
[Result "0-1"]
[WhiteElo "2178"]
[BlackElo "2402"]

1.d4 d5 2.c4 c6 3.Nf3 Nf6 4.Nc3 e6 5.e3 Nbd7 6.Qc2 b6 7.e4 dxe4 8.Nxe4 Bb4+
9.Bd2 Bxd2+ 10.Nfxd2 O-O 11.O-O-O c5 12.dxc5 bxc5 13.Bd3 Bb7 14.f3 Qc7 15.h4 Rad8
16.h5 Nxe4 17.Bxe4 Bxe4 18.Nxe4 h6 19.Qf2 f5 20.Nd6 Nb6 21.Nb5 Qf4+ 22.Kb1 Qxc4
23.Nd6 Qf4 24.Qxc5 Nd5 25.Nb7 Rb8 26.Qc6 Kh8 27.Rc1 Qb4 28.Qxe6 Rxb7 29.Rc2 Nf4
30.Qe3 Re7 31.Qc1 Nd3 32.Qd2 Qxd2 33.Rxd2 Nf4 34.Rh4 Re1+ 35.Kc2 Rc8+ 36.Kb3 Ne6
37.a3 f4 38.Rg4 Re3+ 39.Ka2 Rc5 40.Rd7 a5 41.Re7 Rxh5 42.Rg6 Nf8 43.Rgxg7 Rxe7
44.Rxe7 Rg5 45.Rf7 Ng6 46.Ra7 h5 47.Kb3 h4 48.Kc4 Rxg2 49.b4 axb4 50.axb4 h3
51.Ra5 h2 52.Rh5+ Kg7 53.b5 Ne5+ 54.Kd5 Nxf3 55.Ke4 Rg1 56.b6 h1=Q 57.b7 Qxh5
58.b8=Q Re1+ 59.Kd3 Qd5+ 60.Kc3 Qd2+  0-1

[Event "ch-RUS Rapid"]
[Site "Olginka RUS"]
[Date "2011.04.25"]
[Round "3"]
[White "Bocharov,D"]
[Black "Grachev,B"]
[Result "1-0"]
[WhiteElo "2595"]
[BlackElo "2675"]

1.d4 d5 2.c4 c6 3.Nf3 Nf6 4.Nc3 e6 5.e3 Nbd7 6.Qc2 Bd6 7.b3 O-O 8.Be2 b6
9.O-O Bb7 10.Bb2 Qe7 11.Rad1 Rfd8 12.Rfe1 Bb4 13.Qc1 Rac8 14.a3 Bd6 15.Qa1 Ne4
16.b4 f5 17.c5 Bc7 18.a4 a5 19.cxb6 Bxb6 20.b5 c5 21.dxc5 Ndxc5 22.Nxe4 dxe4
23.Ne5 Bd5 24.Bc4 Nd3 25.Bxd3 exd3 26.Rxd3 Qg5 27.g3 Bc7 28.Qd1 Bxe5 29.Bxe5 Be4
30.Rd7 Rxd7 31.Qxd7 Rd8 32.Qxe6+ Kh8 33.Rc1 Bd5 34.Qb6 Rg8 35.Qd6 Be4 36.Rc7 h6
37.h4  1-0

[Event "ch-RUS Rapid"]
[Site "Olginka RUS"]
[Date "2011.04.25"]
[Round "6"]
[White "Riazantsev,A"]
[Black "Papin,V"]
[Result "1-0"]
[WhiteElo "2679"]
[BlackElo "2569"]

1.d4 Nf6 2.c4 e6 3.Nf3 d5 4.Nc3 c6 5.e3 Nbd7 6.Qc2 Bd6 7.Bd3 O-O 8.O-O dxc4
9.Bxc4 b5 10.Be2 a6 11.Rd1 Qc7 12.Ne4 Nxe4 13.Qxe4 e5 14.Qd3 c5 15.dxe5 Bxe5
16.Qe4 Bb7 17.Qf5 Rad8 18.Rxd7 Bxh2+ 19.Nxh2 Rxd7 20.e4 Re8 21.f3 g6 22.Qf6 Re6
23.Qc3 f5 24.Bh6 Qe5 25.Qxe5 Rxe5 26.a4 c4 27.axb5 axb5 28.Bf4 Rc5 29.Be3 Rc8
30.Ra5 b4 31.exf5 c3 32.bxc3 bxc3 33.Ng4 Rd6 34.Ra7 Rc7 35.f6 c2 36.Ra1 h5
37.Ne5 Rxf6 38.Rc1 Bc8 39.Bc4+ Be6 40.Bg5 Rxc4 41.Bxf6 Rf4 42.Bg5 Rf5 43.f4 Bb3
44.Ra1  1-0

[Event "ch-RUS Rapid Women"]
[Site "Olginka RUS"]
[Date "2011.04.26"]
[Round "6"]
[White "Turova,I"]
[Black "Sukhareva,E"]
[Result "1-0"]
[WhiteElo "2428"]
[BlackElo "2180"]

1.d4 d5 2.c4 e6 3.Nc3 c6 4.e3 Nf6 5.Nf3 Nbd7 6.Qc2 Bd6 7.b3 O-O 8.Be2 dxc4
9.bxc4 e5 10.O-O exd4 11.exd4 h6 12.Rb1 Re8 13.Bd3 Nf8 14.h3 Ne6 15.Rd1 Nf4
16.Bf5 Qa5 17.Bxc8 Qxc3 18.Bf5 Qxc2 19.Bxc2 Ne2+ 20.Kf1 Nc3 21.Rxb7 Nxd1
22.Bxd1 Reb8 23.Rxb8+ Rxb8 24.Bb3 c5 25.d5 Nd7 26.Be3 Rc8 27.Ke2 Kh7 28.g4 Re8
29.Kd2 g6 30.Ba4 Re7 31.g5 h5 32.Kd3 Nb6 33.Bc6 Nd7 34.Bxd7 Rxd7 35.Nd2 Be7
36.Ne4 Rb7 37.d6 Bd8 38.Bxc5 a5 39.Bd4 a4 40.c5 Rb1 41.c6 Rc1 42.c7  1-0

[Event "ch-RUS Rapid Women"]
[Site "Olginka RUS"]
[Date "2011.04.26"]
[Round "8"]
[White "Romanko,M"]
[Black "Novikova,A"]
[Result "0-1"]
[WhiteElo "2402"]
[BlackElo "2240"]

1.d4 d5 2.c4 e6 3.Nc3 c6 4.e3 Nf6 5.Nf3 Nbd7 6.Bd3 Bd6 7.O-O O-O 8.e4 dxe4
9.Nxe4 Nxe4 10.Bxe4 h6 11.b3 e5 12.Bb2 f5 13.Bc2 e4 14.Ne5 Nxe5 15.dxe5 Bc5
16.Qe2 Be6 17.Kh1 Qe7 18.f3 exf3 19.Rxf3 Rf7 20.Raf1 Raf8 21.Rg3 Ba3 22.Bc3 Bb4
23.Bxb4 Qxb4 24.Rg6 Qe7 25.Rd1 f4 26.Qh5 Bf5 27.Bxf5 Rxf5 28.Qxh6 Rxe5 29.Rf1 Rf6
30.h4 Ree6 31.h5 Rxg6 32.Qxg6 Qd8  0-1

[Event "ch-RUS Rapid"]
[Site "Olginka RUS"]
[Date "2011.04.26"]
[Round "8"]
[White "Najer,E"]
[Black "Jakovenko,D"]
[Result "1/2-1/2"]
[WhiteElo "2638"]
[BlackElo "2718"]

1.d4 d5 2.c4 c6 3.Nc3 Nf6 4.e3 e6 5.Nf3 a6 6.b3 Bb4 7.Bd2 Nbd7 8.Bd3 O-O
9.O-O Bd6 10.Rc1 e5 11.cxd5 cxd5 12.dxe5 Nxe5 13.Nxe5 Bxe5 14.Ne2 Ne4 15.Bxe4 dxe4
16.Bc3 Bg4 17.Bxe5 Qxd1 18.Rfxd1 Bxe2 19.Rd7 Rac8 20.Rdc7  1/2-1/2

[Event "Thessaloniki Open A"]
[Site "Thessaloniki GRE"]
[Date "2011.04.26"]
[Round "3.5"]
[White "Mladenov,P"]
[Black "Terzidaki,A"]
[Result "1-0"]
[WhiteElo "2379"]
[BlackElo "1935"]

1.Nf3 d5 2.c4 c6 3.d4 Nf6 4.e3 e6 5.Nc3 Bd6 6.Qc2 Nbd7 7.Bd3 O-O 8.O-O e5
9.cxd5 cxd5 10.e4 exd4 11.Nxd5 h6 12.Nxd4 Nxd5 13.exd5 Nf6 14.Nf5 Nxd5 15.Rd1 Nb4
16.Qc3 Bxf5 17.Bxf5 Qc7 18.Qh3 Rad8 19.Bxh6 gxh6 20.Qxh6 f6 21.Be6+ Rf7 22.Qxf6 Qe7
23.Bxf7+  1-0

[Event "17th Asian Cities"]
[Site "Jakarta INA"]
[Date "2011.04.27"]
[Round "7.4"]
[White "Halay,T"]
[Black "Lane,G"]
[Result "1-0"]
[WhiteElo "2346"]
[BlackElo "2366"]

1.d4 d5 2.c4 c6 3.Nc3 Nf6 4.e3 e6 5.Nf3 Nbd7 6.Bd3 dxc4 7.Bxc4 b5 8.Bd3 Bd6
9.O-O O-O 10.e4 e5 11.Bg5 a6 12.Bc2 Re8 13.a3 h6 14.Bh4 exd4 15.Qxd4 Ne5
16.Rad1 Nxf3+ 17.gxf3 Be7 18.Qe3 Nd7 19.Bg3 Bh4 20.Rd6 Bxg3 21.hxg3 Qc7 22.Rfd1 Ne5
23.b3 f6 24.Ne2 Nf7 25.R6d2 Be6 26.Nd4 Rad8 27.b4 Bc4 28.Nf5 Rxd2 29.Rxd2 Rd8
30.Rxd8+ Qxd8 31.f4 g6 32.Nh4 Nh8 33.e5 fxe5 34.fxe5 Qe8 35.Kh2 Kg7 36.f4 Be6
37.Be4 Qd7 38.Qc3 g5 39.Nf5+ Kf8 40.Bxc6 Qd1 41.Qc5+ Kg8 42.Nxh6+ Kg7 43.Qe7+ Nf7
44.Qf6+ Kf8 45.Qxe6 Qh5+ 46.Qh3  1-0

[Event "17th Asian Cities"]
[Site "Jakarta INA"]
[Date "2011.04.27"]
[Round "7.2"]
[White "Purnama,T"]
[Black "Jumabayev,R"]
[Result "0-1"]
[WhiteElo "2404"]
[BlackElo "2562"]

1.d4 Nf6 2.c4 e6 3.Nf3 d5 4.Nc3 c6 5.e3 Nbd7 6.Bd3 dxc4 7.Bxc4 b5 8.Bd3 Bb7
9.O-O a6 10.e4 c5 11.e5 cxd4 12.Nxb5 Bxf3 13.Qxf3 Nd5 14.Nxd4 Nxe5 15.Qg3 Nxd3
16.Qxd3 Bc5 17.Nb3 Be7 18.Bd2 O-O 19.Ba5 Qb8 20.Rac1 Bf6 21.Rc2 Nb4 22.Bxb4 Qxb4
23.a3 Qf4 24.Nc5 Rfd8 25.Qe2 a5 26.g3 Qf5 27.Ne4 Be7 28.Rfc1 h6 29.Rc4 Bf8
30.R1c2 Rab8 31.Kg2 Qd5 32.Rd2 Qb7 33.Rxd8 Rxd8 34.f3 Qb3 35.Rc3 Qb6 36.Rc2 g6
37.Nf6+ Kh8 38.Ng4 Bg7 39.Ne5 Kg8 40.Nc4 Qb5 41.Ne3 Qb3 42.Nc4 Rd5 43.Qe4 Bf6
44.Re2 Kg7 45.Qc2 Qb7 46.a4 h5 47.b3 h4 48.Rd2 Qc6 49.Nxa5 Qxc2 50.Rxc2 Rxa5
51.Kf2 h3 52.f4 Rd5 53.Ke2 Be7 54.Rc4 Bc5 55.b4 Bg1 56.Kf3 Rd3+ 57.Kg4 Bxh2
58.Kxh3 Bxg3 59.Kg2 Be1 60.b5 Rb3 61.Kf1 Ba5  0-1

[Event "17th Asian Cities"]
[Site "Jakarta INA"]
[Date "2011.04.27"]
[Round "7.4"]
[White "Reilly,T"]
[Black "Kasmiran"]
[Result "0-1"]
[WhiteElo "2271"]
[BlackElo "2346"]

1.d4 e6 2.c4 d5 3.Nc3 c6 4.e3 Nf6 5.Nf3 Nbd7 6.Qc2 Bd6 7.b3 O-O 8.Be2 Qe7
9.O-O dxc4 10.bxc4 e5 11.c5 Bc7 12.Rb1 Re8 13.Ba3 Ba5 14.Rb3 exd4 15.Nxd4 g6
16.Rfb1 Nf8 17.Bf3 Bc7 18.Na4 Ne6 19.Nxe6 Bxe6 20.Rxb7 Bf5 21.Qb2 Bxb1 22.Bxc6 Be4
23.Rxc7 Qxc7 24.Bxa8 Rb8 25.Nb6 Bxa8 26.Qxf6 Qc6  0-1

[Event "17th Asian Cities"]
[Site "Jakarta INA"]
[Date "2011.04.27"]
[Round "8.2"]
[White "Thejkumar,M"]
[Black "Jumabayev,R"]
[Result "1/2-1/2"]
[WhiteElo "2458"]
[BlackElo "2562"]

1.d4 Nf6 2.Nf3 e6 3.c4 d5 4.Nc3 c6 5.e3 Nbd7 6.Qc2 Bd6 7.e4 dxe4 8.Nxe4 Nxe4
9.Qxe4 c5 10.Bg5 Nf6 11.Qh4 Qa5+ 12.Bd2 Qc7 13.dxc5 Bxc5 14.Bc3 Be7 15.Bd3 Bd7
16.Ne5 Bb4 17.Qd4 Bxc3+ 18.Qxc3 O-O 19.O-O Rfd8 20.Rfe1 Ba4 21.Re3 Qc5 22.Rae1 Qd4
23.Qb4 Be8 24.Rg3 Nd7 25.Nxd7 Qxd7 26.h4 Rac8 27.Qc3 Qd4 28.Qc2 h5 29.Re4 Qf6
30.Rf3 Qe7 31.Rg3 Rd6 32.Qc3 f6 33.c5 Rdd8 34.b4 Bf7 35.Bc4 Rd1+ 36.Kh2 Rcd8
37.f4 Kf8 38.Qe3 f5 39.Re5 R1d4 40.Bxe6 Bxe6 41.Rxe6 Qxh4+ 42.Rh3 Qxf4+ 43.Qxf4 Rxf4
44.Rxh5 Kf7 45.Re2 Kg6 46.Rh3 Rxb4 47.Re7 Kf6 48.Rhe3 g6 49.R3e6+ Kg5 50.Rg7 Rh4+
51.Kg1 Rd1+ 52.Kf2 Rh6 53.Rxb7 Rd2+ 54.Kf3 Rxa2 55.c6 Rc2 56.Rxa7 Rh1 57.Rg7 Rc3+
58.Ke2 Rhc1 59.Rgxg6+ Kf4 60.Kf2 R3c2+ 61.Re2 Rxe2+ 62.Kxe2 Ke4 63.Kf2 Rc3
64.Ke2 Kd4 65.Rf6 Ke4 66.Rh6 Kd5 67.Rf6 Ke5 68.Kd2 Rg3 69.c7 Rxg2+ 70.Kc3 Rg8
71.Rc6 Rc8 72.Kc4 f4 73.Kc5 f3 74.Kb6 f2 75.Rc1  1/2-1/2

[Event "8th Balagne Open"]
[Site "Calvi FRA"]
[Date "2011.04.29"]
[Round "6.10"]
[White "Battaglini,G"]
[Black "Hoffmann,Rog"]
[Result "1-0"]
[WhiteElo "2413"]
[BlackElo "2055"]

1.d4 d5 2.c4 c6 3.Nc3 Nf6 4.e3 e6 5.Nf3 Nbd7 6.Bd3 Bd6 7.O-O dxc4 8.Bxc4 e5
9.Qc2 O-O 10.Rd1 Qe7 11.h3 h6 12.Nh4 Nb6 13.Bb3 Kh8 14.Bxf7 Qxf7 15.dxe5 Ne4
16.Qxe4 Qxf2+ 17.Kh1  1-0

[Event "Karlovy Vary Open"]
[Site "Karlovy Vary CZE"]
[Date "2011.04.29"]
[Round "2.19"]
[White "Gruss,Petr"]
[Black "Hellinger,Jan"]
[Result "1/2-1/2"]
[WhiteElo "1844"]
[BlackElo "1667"]

1.d4 d5 2.Nf3 Nf6 3.c4 e6 4.e3 c6 5.Nc3 Nbd7 6.a3 Qc7 7.b4 dxc4 8.Bxc4 b5
9.Bb3 a6 10.Bb2 Bb7 11.Rc1 Rc8 12.O-O g6 13.e4 Bh6 14.Rc2 O-O 15.Qd3 Rfd8
16.Re1 c5 17.Qe2 c4 18.Ba2 Nh5 19.g3 Ndf6 20.Bb1 Qb6 21.Qd1 Qc7 22.Rce2 Qb8
23.Nh4 Bg5 24.Ng2 Bh6 25.Ne3 Qa8 26.f3 Qb8 27.Kf2 Qa7 28.Rd2 Qb8 29.Qe2 Ba8
30.Red1 Qa7 31.e5 Bxe3+ 32.Qxe3 Nd5 33.Nxd5 Bxd5 34.Bc3 Qe7 35.Be4 Ng7 36.h4 Nh5
37.Rh1  1/2-1/2

[Event "TCh-HUN 2010-11"]
[Site "Budapest HUN"]
[Date "2011.04.30"]
[Round "11"]
[White "Berczes,D"]
[Black "Bernei,A"]
[Result "1-0"]
[WhiteElo "2520"]
[BlackElo "2234"]

1.d4 d5 2.c4 c6 3.Nc3 Nf6 4.e3 e6 5.Nf3 Nbd7 6.Qc2 Be7 7.Bd3 O-O 8.O-O b6
9.e4 dxe4 10.Nxe4 Bb7 11.Nxf6+ Nxf6 12.Rd1 Qc7 13.c5 h6 14.Bd2 a5 15.Qc1 bxc5
16.Bf4 Qb6 17.Bxh6 Ng4 18.Bg5 f6 19.Qc4 Bc8 20.Bf5 fxg5 21.Bxg4 cxd4 22.Bxe6+ Kh8
23.Ne5 Rf6 24.Bxc8 Rxc8 25.Nf7+ Kh7 26.Nxg5+ Kg6 27.Qd3+ Kxg5 28.Qg3+ Kh6
29.Qh3+ Kg6 30.Qxc8 Qxb2 31.Qg4+ Kf7 32.Qxd4 Qb5 33.Rac1 Qh5 34.h3 Ba3 35.Rc2 Kg8
36.Qg4 Qe8 37.Re2 Qf7 38.Qe4 Bc5 39.Qe8+ Qxe8 40.Rxe8+ Kf7 41.Re2  1-0

[Event "TCh-ESP Selecciones Autonomicas"]
[Site "Gijon ESP"]
[Date "2011.04.30"]
[Round "3.1"]
[White "Veganzones Rojo,D"]
[Black "Recuero Guerra,D"]
[Result "0-1"]
[WhiteElo "2072"]
[BlackElo "2455"]

1.d4 Nf6 2.c4 e6 3.Nf3 d5 4.Nc3 c6 5.e3 Nbd7 6.Qc2 Bd6 7.Bd3 dxc4 8.Bxc4 b5
9.Be2 O-O 10.O-O Bb7 11.Rd1 Qc7 12.e4 e5 13.Bg5 exd4 14.Rxd4 Ne5 15.h3 Ng6
16.b4 Rad8 17.Rad1 a6 18.a4 Qe7 19.axb5 axb5 20.Qb3 h6 21.Bxf6 Qxf6 22.e5 Bxe5
23.Ne4 Qe7 24.Rxd8 Rxd8 25.Rxd8+ Qxd8 26.Nxe5 Nxe5 27.Nc5 Bc8 28.Qe3 Qe7
29.Qe4 f5 30.Qe3 Kh7 31.Bd3 Ng6 32.Qd4 Qe1+ 33.Kh2 Qe5+ 34.Qxe5 Nxe5 35.f4 Ng6
36.g3 Ne7 37.Be2 Kg6 38.Bf3 Kf6 39.g4 g6 40.Kg3 fxg4 41.hxg4 Be6 42.g5+ hxg5
43.fxg5+ Ke5 44.Be4 Bf5 45.Bf3 Kd4 46.Kf4 Nd5+ 47.Bxd5 cxd5 48.Nb7 Bb1 49.Nd8 Kc3  0-1

[Event "NK Jeugd A"]
[Site "Haarlem NED"]
[Date "2011.04.30"]
[Round "1"]
[White "Otten,Martijn"]
[Black "Law,Nicky"]
[Result "0-1"]
[WhiteElo "1959"]
[BlackElo "2178"]

1.d4 d5 2.c4 c6 3.Nf3 Nf6 4.e3 e6 5.Nc3 Nbd7 6.Bd3 dxc4 7.Bxc4 b5 8.Bd3 Bb7
9.e4 b4 10.Na4 c5 11.e5 Nd5 12.O-O cxd4 13.Nxd4 Be7 14.Qh5 g6 15.Qe2 Qa5
16.b3 Rc8 17.Kh1 Rxc1 18.Raxc1 Nf4 19.Qd2 Qd5 20.Be4 Qxe4 21.f3 Qxe5 22.Rfe1 Qg5
23.Rc7 Bd5 24.g3 Nh3 25.Qxg5 Nxg5 26.Kg2 Bf6 27.Rc8+ Ke7 28.Rxh8 Bxh8 29.Ne2 Nxf3
30.Rc1 Nd4+ 31.Kf2 Nxe2 32.Kxe2 Kd6 33.Rc2 f5 34.Nb2 Bxb2 35.Rxb2 g5 36.Ke3 e5
37.Rf2 f4+ 38.Ke2 Nc5 39.gxf4 gxf4 40.Rf1 Ne4 41.Rg1 Nc3+ 42.Ke1 Nxa2 43.Rg7 a5
44.Rxh7 a4 45.bxa4 b3 46.Rh8 Nb4  0-1

[Event "Ostravsky Konik A"]
[Site "Ostrava CZE"]
[Date "2011.04.30"]
[Round "1.43"]
[White "Vesely,Ma"]
[Black "Lexa,V"]
[Result "1-0"]
[WhiteElo "2177"]
[BlackElo "1889"]

1.d4 e6 2.Nf3 d5 3.c4 Nf6 4.Nc3 c6 5.e3 Nbd7 6.Qc2 Bd6 7.e4 dxe4 8.Nxe4 Nxe4
9.Qxe4 O-O 10.Bd3 Bb4+ 11.Bd2 Bxd2+ 12.Nxd2 Nf6 13.Qh4 g6 14.O-O Nh5 15.Qe4 Qd6
16.Nf3 Rd8 17.Rad1 Bd7 18.Bb1 c5 19.Qe5 Qxe5 20.Nxe5 cxd4 21.Rxd4 Ba4 22.Rh4 f6
23.Nd3 Rac8 24.Re4 e5 25.Re3 Ng7 26.b3 Bd7 27.Nb4 Bf5 28.Nd5 Rd7 29.Nxf6+  1-0

[Event "Sydney International Open"]
[Site "Sydney AUS"]
[Date "2011.04.30"]
[Round "8"]
[White "Steadman,M"]
[Black "Samar,R"]
[Result "1-0"]
[WhiteElo "2217"]
[BlackElo "2236"]

1.d4 d5 2.c4 c6 3.Nf3 Nf6 4.Nc3 e6 5.e3 Bd6 6.Qc2 Nbd7 7.g4 h6 8.Rg1 e5 9.h4 e4
10.Nd2 g5 11.hxg5 hxg5 12.f3 exf3 13.Nxf3 dxc4 14.e4 Bf4 15.Bxf4 gxf4 16.g5 Nh5
17.O-O-O Ng3 18.d5 Qb6 19.dxc6 bxc6 20.Bxc4 Qe3+ 21.Nd2 Ne5 22.Qa4 Bd7 23.Rge1 Qc5
24.Ba6 Rh2 25.Nf1 Nxf1 26.Bxf1 Bg4 27.Rd5 Qf2 28.Rxe5+ Kf8 29.Qb4+ Kg8 30.Ne2 Rh1
31.g6 Rxf1 32.gxf7+ Kh7 33.f8=N+ Rxf8 34.Qe7+  1-0

[Event "TCh-HUN 2010-11"]
[Site "Budapest HUN"]
[Date "2011.05.01"]
[Round "10"]
[White "Petran,Pa"]
[Black "Gonda,L"]
[Result "1/2-1/2"]
[WhiteElo "2348"]
[BlackElo "2550"]

1.c4 Nf6 2.d4 c6 3.Nc3 d5 4.e3 e6 5.Nf3 Nbd7 6.Bd3 dxc4 7.Bxc4 b5 8.Bd3 Bd6
9.O-O O-O 10.b3 Bb7 11.Bb2 a6 12.a4 b4 13.Ne4 Nxe4 14.Bxe4 f5 15.Bd3 c5 16.Bc4 Qe7
17.Rc1 Kh8 18.Qe2 cxd4 19.exd4 Rfe8 20.Rfe1 Nf6 21.Rcd1 Be4 22.Ne5 Qb7 23.f3 Bd5
24.Bxd5 Qxd5 25.Nf7+ Kg8 26.Nxd6 Qxd6 27.d5 Qc5+ 28.Kf1 exd5 29.Qd3 d4 30.Bxd4 Qd5
31.Bf2 Qxd3+ 32.Rxd3 Rec8 33.Re5 Rc1+ 34.Be1 g6  1/2-1/2

[Event "TCh-HUN 2010-11"]
[Site "Budapest HUN"]
[Date "2011.05.01"]
[Round "10"]
[White "Horvath,Dav"]
[Black "Varga,Me"]
[Result "1-0"]
[WhiteElo "2305"]
[BlackElo "1989"]

1.d4 d5 2.c4 c6 3.e3 Nf6 4.Nc3 e6 5.Nf3 Nbd7 6.Qc2 Bd6 7.b3 O-O 8.Bd3 e5
9.cxd5 cxd5 10.dxe5 Nxe5 11.Nxe5 Bxe5 12.Bb2 Bd7 13.Ne2 Qa5+ 14.Bc3 Bxc3+
15.Qxc3 Qxc3+ 16.Nxc3 Rac8 17.Ne2 Rc5 18.Kd2 Ng4 19.Rhf1 Ne5 20.Nd4 Rfc8
21.Rfd1 g6 22.Be2 Nc6 23.Nxc6 R8xc6 24.Rdc1 Bf5 25.Rxc5 Rxc5 26.Rc1 Rxc1
27.Kxc1 Kf8 28.Kd2 f6 29.Kc3 Ke7 30.Kd4 Kd6 31.h4 g5 32.hxg5 fxg5 33.Bh5 g4
34.g3 b6 35.b4 Ke6 36.Be8 Kd6 37.a3 Ke6 38.Bc6 Be4 39.Ba4 h6 40.Bd1 Kf5 41.Be2 Bg2
42.Ba6 Bf3 43.Bb7 Ke6 44.Bc8+ Kd6 45.Bf5 a5 46.bxa5 bxa5 47.e4 dxe4 48.Bxe4 Bxe4
49.Kxe4 Kc5 50.Kf4 h5 51.Kg5 Kc4 52.Kxh5 Kb3 53.Kxg4 Kxa3 54.f4 Kb3 55.f5 a4
56.f6 a3 57.f7 a2 58.f8=Q a1=Q 59.Qf3+ Kc4 60.Qe4+ Kc5 61.Kf4 Qf1+ 62.Kg5 Qc1+
63.Qf4 Qh1 64.g4 Qh8 65.Qf5+ Kc4 66.Qf7+ Kc5 67.Kg6 Kb4 68.g5 Ka4 69.Qf6 Qe8+
70.Kh6 Qe3 71.Qf5 Qd2 72.Qe4+ Ka3 73.Qe5 Qc1 74.Kg7 Qf1 75.Qe7+ Ka4 76.g6 Qf5
77.Qd6 Ka5 78.Qd2+ Ka4 79.Qd4+ Ka5 80.Qh4 Qe5+ 81.Kh7 Qf5 82.Kh6 Qe6 83.Qf4 Qh3+
84.Kg5 Qg2+ 85.Kf5 Qc2+ 86.Qe4 Qc8+ 87.Qe6 Qf8+ 88.Kg4 Qb4+ 89.Kg5 Qd2+ 90.Kf6 Qd8+
91.Qe7 Qb6+ 92.Kf7 Qb3+ 93.Qe6 Qf3+ 94.Ke7 Qb7+ 95.Kf6 Qh1 96.Qf5+ Ka4 97.g7 Qc6+
98.Kg5 Qe8 99.Qc2+ Ka3 100.Qc3+ Ka4 101.Qc4+  1-0

[Event "Ostravsky Konik A"]
[Site "Ostrava CZE"]
[Date "2011.05.02"]
[Round "3.27"]
[White "Zakharchenko,A"]
[Black "Zemlicka,V"]
[Result "1-0"]
[WhiteElo "2205"]
[BlackElo "1984"]

1.Nf3 Nf6 2.c4 c6 3.Nc3 d5 4.e3 e6 5.d4 Nbd7 6.Qc2 Bd6 7.Be2 dxc4 8.Bxc4 b5
9.Bd3 Bb7 10.a3 b4 11.Ne4 Nxe4 12.Bxe4 bxa3 13.bxa3 Rc8 14.O-O f5 15.Bd3 Qe7
16.Rb1 Nb6 17.e4 O-O 18.exf5 c5 19.Bg5 Qe8 20.Be4 cxd4 21.Qd3 Bxe4 22.Qxe4 exf5
23.Qxd4 Bc5 24.Qd3 Qe4 25.Qb3+ Kh8 26.Rfe1 Qc4 27.Be7 Bxe7 28.Rxe7 Qf4 29.g3 Rc1+
30.Kg2 Rxb1 31.Qf7  1-0

[Event "Ostravsky Konik A"]
[Site "Ostrava CZE"]
[Date "2011.05.03"]
[Round "4.44"]
[White "Snajdr,T"]
[Black "Kriebel,Rudolf"]
[Result "1-0"]
[WhiteElo "1978"]
[BlackElo "1914"]

1.c4 c6 2.d4 d5 3.Nc3 Nf6 4.Nf3 e6 5.e3 Be7 6.Bd3 O-O 7.O-O Nbd7 8.Qc2 dxc4
9.Bxc4 Nd5 10.e4 Nb4 11.Qe2 b5 12.Bb3 a5 13.a3 Na6 14.d5 Nac5 15.Ba2 exd5
16.exd5 b4 17.dxc6 bxc3 18.cxd7 Ba6 19.Bc4 cxb2 20.Bxb2 Bxc4 21.Qxc4 Qxd7
22.Rfd1 Qe6 23.Qf4 Qe4 24.Qg3 Qg6 25.Qc7 Rfe8 26.Ne5 Qf5 27.Rac1 Ne4 28.f3 Nf6
29.Qc4 Rf8 30.Nc6 Bd8 31.Rxd8 Rfxd8 32.Ne7+  1-0

[Event "Ostravsky Konik A"]
[Site "Ostrava CZE"]
[Date "2011.05.03"]
[Round "4.16"]
[White "Ganaus,H"]
[Black "Kozak,Mi"]
[Result "1/2-1/2"]
[WhiteElo "2304"]
[BlackElo "2229"]

1.d4 d5 2.c4 c6 3.Nf3 Nf6 4.e3 e6 5.Nc3 Nbd7 6.Qc2 Bd6 7.Bd3 O-O 8.O-O dxc4
9.Bxc4 b5 10.Be2 Bb7 11.Rd1 Qb8 12.Ne4 Nxe4  1/2-1/2

[Event "ch-UKR semi-final"]
[Site "Alushta UKR"]
[Date "2011.05.04"]
[Round "2.19"]
[White "Koziak,V"]
[Black "Romanchuk,V"]
[Result "1/2-1/2"]
[WhiteElo "2482"]
[BlackElo "2314"]

1.d4 d5 2.c4 c6 3.Nc3 Nf6 4.e3 e6 5.Nf3 Nbd7 6.Bd3 Be7 7.O-O O-O 8.e4 dxe4
9.Nxe4 b6 10.Qe2 Bb7 11.b3 c5 12.Bb2 Qc7 13.Rfe1 Nxe4 14.Bxe4 Bf6 15.Rad1 Bxe4
16.Qxe4 Rad8 17.Qe2 Rfe8 18.d5 Bxb2 19.Qxb2 exd5 20.Rxe8+ Rxe8 21.Rxd5  1/2-1/2

[Event "Ostravsky Konik A"]
[Site "Ostrava CZE"]
[Date "2011.05.04"]
[Round "5.9"]
[White "Vesely,Ma"]
[Black "Heinzel,O"]
[Result "0-1"]
[WhiteElo "2177"]
[BlackElo "2324"]

1.d4 d5 2.Nf3 Nf6 3.c4 c6 4.Nc3 e6 5.e3 Bd6 6.Qc2 Nbd7 7.Be2 O-O 8.O-O dxc4
9.Bxc4 b5 10.Bb3 Bb7 11.a3 Qb8 12.e4 c5 13.e5 cxd4 14.exf6 Bxf3 15.fxg7 Rc8
16.gxf3 dxc3 17.bxc3 Be5 18.Bd2 Qb7 19.f4 Bxg7 20.Rae1 Kh8 21.f3 Qc6 22.Kh1 a5
23.Re3 Nb6 24.Ba2 Nc4 25.Bxc4 Qxc4 26.Rb1 Rd8 27.Re4 Qd3 28.Qxd3 Rxd3 29.Be1 Bxc3
30.Bxc3+ Rxc3 31.Rxb5 Rxa3 32.f5 exf5 33.Rxf5 Ra7 34.Rg5 h6 35.Rg3 a4 36.Re8+ Kh7
37.Reg8 f5 38.Rf8 Ra1+ 39.Kg2 a3 40.Rgg8 Rb1 41.Rh8+ Kg6 42.Rhg8+ Rg7 43.Rxg7+ Kxg7
44.Rxf5 a2 45.Ra5 a1=Q  0-1

[Event "ch-UKR semi-final"]
[Site "Alushta UKR"]
[Date "2011.05.05"]
[Round "3.28"]
[White "Linker,M"]
[Black "Budnikov,O"]
[Result "1/2-1/2"]
[WhiteElo "2141"]
[BlackElo "2435"]

1.Nf3 Nf6 2.c4 e6 3.Nc3 d5 4.d4 c6 5.e3 Nbd7 6.Bd3 Bb4 7.O-O O-O 8.a3 Ba5
9.Qc2 Qe7 10.Ne5 Nxe5 11.dxe5 Ng4 12.f4 f5 13.h3 Nh6 14.b4 Bc7 15.cxd5 exd5
16.Ne2 a5 17.Bd2 Nf7 18.Nd4 g6 19.Rfc1 Bb6 20.Rab1 Nd8 21.bxa5 Bxa5 22.Bb4 Bxb4
23.axb4 Ra3 24.Rb3 Rxb3 25.Qxb3 Ne6 26.b5 c5 27.Qa3 b6 28.Nxe6 Bxe6 29.Ra1 Rd8
30.Qa7 Qxa7 31.Rxa7 d4 32.exd4 Rxd4 33.Bf1 c4 34.Re7 Bd5 35.Rd7 c3 36.Rc7 Rxf4
37.Rxc3 Kf7 38.Rc7+ Ke6 39.Rxh7 Kxe5 40.Rg7 Kf6 41.Rd7 Ke6 42.Rg7 Kf6 43.Rd7  1/2-1/2

[Event "ch-UKR semi-final"]
[Site "Alushta UKR"]
[Date "2011.05.06"]
[Round "4.53"]
[White "Molchanov,Alexe"]
[Black "Tihonov,G"]
[Result "1-0"]
[WhiteElo "2195"]
[BlackElo "1983"]

1.c4 Nf6 2.Nc3 e6 3.d4 d5 4.Nf3 c6 5.e3 Nbd7 6.Bd3 Bd6 7.O-O O-O 8.e4 dxe4
9.Nxe4 Nxe4 10.Bxe4 e5 11.dxe5 Nxe5 12.Nxe5 Bxe5 13.Bxh7+ Kxh7 14.Qh5+ Kg8
15.Qxe5 Re8 16.Qg3 Be6 17.b3 Qf6 18.Bf4 Bf5 19.Rad1 Re2 20.Be3 Rxa2 21.Rd6 Be6
22.Bd4 Qh6 23.f4 c5 24.Bxc5 Ra6 25.f5 Rxd6 26.Qxd6 Bc8 27.Qf8+ Kh7 28.Qxf7 Qf6
29.Qxf6 gxf6 30.g4 b6 31.Bd4 Bb7 32.Bxf6 Re8 33.Kf2 Re4 34.Rd1 Rf4+ 35.Kg3 Rf3+
36.Kh4 Be4 37.Rd8  1-0

[Event "NK Jeugd A"]
[Site "Haarlem NED"]
[Date "2011.05.06"]
[Round "7"]
[White "Law,Nicky"]
[Black "Ten Hertog,H"]
[Result "0-1"]
[WhiteElo "2178"]
[BlackElo "2291"]

1.d4 d5 2.c4 e6 3.Nf3 Nf6 4.Nc3 c6 5.e3 Nbd7 6.Bd3 dxc4 7.Bxc4 b5 8.Bd3 a6
9.O-O c5 10.a4 b4 11.Ne4 Bb7 12.Ned2 cxd4 13.Nxd4 Bc5 14.N2b3 Bd6 15.Be2 Qc7
16.h3 Ne4 17.Bd2 Ndf6 18.Rc1 Qd7 19.Nb5 O-O 20.Nxd6 Qxd6 21.Be1 Bd5 22.Na5 Rfd8
23.Qd4 Rab8 24.Qa7 Rbc8 25.Rxc8 Rxc8 26.Qd4 Rb8 27.f3 e5 28.Qd1 Qc5 29.fxe4 Nxe4
30.Bxa6 Qxa5 31.Bb5 Rd8 32.Qh5 f6 33.Qg4 Qb6 34.Bxb4 Qxe3+ 35.Kh2 h5 36.Rf3 Qd4
37.Qxh5 Qxb4 38.Be8 Ng5 39.Rg3 Qf4 40.Bg6 Be4  0-1

[Event "TCh-SVK Extraliga 2010-11"]
[Site "Slovakia SVK"]
[Date "2011.05.06"]
[Round "9"]
[White "Fedorko,S"]
[Black "Tropp,F"]
[Result "1/2-1/2"]
[WhiteElo "2092"]
[BlackElo "2080"]

1.d4 d5 2.c4 c6 3.Nc3 Nf6 4.Nf3 e6 5.e3 Nbd7 6.Qc2 Bd6 7.g4 h6 8.h3 dxc4
9.Bxc4 b5 10.Be2 Bb7 11.Bd2 a6 12.O-O c5 13.dxc5 Bxc5 14.a3 O-O 15.b4 Bd6
16.Rfd1 Rc8 17.Qd3 Ne5 18.Nxe5 Bxe5 19.Qxd8 Rfxd8 20.Rac1 Ne4 21.Nxe4 Rxc1
22.Bxc1 Rxd1+ 23.Bxd1 Bxe4 24.f3 Bc6 25.Kf2 Kf8  1/2-1/2

[Event "TCh-POL Ekstraliga"]
[Site "Wroclaw POL"]
[Date "2011.05.06"]
[Round "1.2"]
[White "Moranda,W"]
[Black "Orzech,D"]
[Result "1-0"]
[WhiteElo "2577"]
[BlackElo "2426"]

1.d4 Nf6 2.c4 c6 3.Nc3 d5 4.e3 e6 5.Nf3 Nbd7 6.Bd3 Be7 7.O-O O-O 8.Qe2 b6
9.e4 dxe4 10.Nxe4 Bb7 11.Rd1 Qc7 12.Bg5 c5 13.dxc5 bxc5 14.Bc2 Rad8 15.Nc3 a6
16.Bh4 Bc6 17.Be4 Rfe8 18.Bxc6 Qxc6 19.Rd2 Nf8 20.Rad1 Rxd2 21.Rxd2 Rd8 22.Ne5 Qc7
23.Rxd8 Bxd8 24.Nd3 Ng6 25.Bg3 Qc6 26.f3 Be7 27.Bf2 Nf8 28.b3 N6d7 29.Qe4 Qc8
30.Na4 Bd6 31.g3 Ng6 32.Kg2 Ne7 33.Qe1 Nf5 34.g4 Ne7 35.Qe3 Ng6 36.Naxc5 Nxc5
37.Nxc5 Nf4+ 38.Kf1 Nh3 39.Nd3 Qc7 40.Kg2 Nxf2 41.Qxf2 g5 42.h4 Qe7 43.hxg5 Qxg5
44.Kf1 a5 45.Qd4 Bg3 46.Ke2 Qh4 47.Qg1 f5 48.gxf5 exf5 49.c5 h5 50.c6 Kf7
51.Qc5 Qh2+ 52.Kd1 Qh1+ 53.Kc2 Qg2+ 54.Kc3 Qxf3 55.c7 Be1+ 56.Kb2 Qxd3 57.Qc4+ Qxc4
58.bxc4  1-0